|
|
|
|
| LEADER |
00000cam a2200000 4500 |
| 001 |
vtls011988180 |
| 003 |
SK-MaSNL |
| 005 |
20260301225946.0 |
| 008 |
210906s2020 xo gr 010 f slo |
| 015 |
|
|
|a SNBA2020/10
|
| 020 |
|
|
|a 9788057017653
|q (viazané)
|
| 035 |
|
|
|a urn:nbn:sk:snk-am00fi6j
|
| 035 |
|
|
|a urn:nbn:sk:snk-am3iuxu
|
| 035 |
|
|
|a 06028E94-5807-44AF-AD49-B9E5230FD02C
|
| 040 |
|
|
|a SNK
|b slo
|c SNK
|e rda
|
| 041 |
0 |
|
|a slo
|
| 044 |
|
|
|a xo
|c SK
|
| 072 |
|
7 |
|a 821.162.4-3
|x Slovenská próza
|2 konspekt
|
| 080 |
|
|
|a 821.162.4-31
|2 2011
|
| 080 |
|
|
|a (0:82-311.6)
|2 2011
|
| 080 |
|
|
|a (0:82-312.5)
|2 2011
|
| 100 |
1 |
|
|a Sabová, Nata
|4 aut
|9 412724
|
| 245 |
1 |
0 |
|a Bezmenná
|c Nata Sabová
|
| 250 |
|
|
|a Vydanie prvé
|
| 264 |
|
1 |
|a Smolenice
|b na náklady autorky ako samovydanie
|c 2020
|
| 300 |
|
|
|a 298 strán
|c 21 cm
|
| 336 |
|
|
|a text
|b txt
|2 rdacontent
|
| 337 |
|
|
|a bez média
|b n
|2 rdamedia
|
| 338 |
|
|
|a zväzok
|b nc
|2 rdacarrier
|
| 655 |
|
7 |
|a slovenské romány
|2 SNKPH
|9 70324
|
| 655 |
|
7 |
|a historické romány
|2 SNKPH
|9 70253
|
| 655 |
|
7 |
|a ľúbostné romány
|2 SNKPH
|9 70497
|
| 655 |
|
7 |
|a Slovak fiction
|2 SNKPHeng
|9 277096
|
| 655 |
|
7 |
|a Historical novels
|2 SNKPHeng
|9 276887
|
| 655 |
|
7 |
|a Love novels
|2 SNKPHeng
|9 277756
|
| 919 |
|
|
|a 978-80-570-1765-3
|
| 958 |
|
|
|a LX
|
| 964 |
9 |
|
|a Nata Sabová (Smolenice, Slovensko)
|
| 999 |
|
|
|c 952945
|d 954875
|
| 952 |
|
|
|a SNK
|b SNK
|y PREZ
|7 0
|p 17A1443403
|o snkSC 190199
|i snk2020/16600
|8 0
|0 0
|1 0
|4 0
|d 2020-09-18
|f 1
|l 0
|r 2025-10-07 00:00:00
|w 2026-02-24
|
| 952 |
|
|
|a SNK
|b SNK
|y PREZ
|7 0
|p 17A1443404
|o snkSC 190199 D1
|i snk2020/16601
|8 0
|0 0
|1 0
|4 0
|d 2020-09-18
|l 0
|r 2026-02-24 09:54:12
|w 2026-02-24
|